000 00489nam a2200193Ia 4500
001 17532
003 IN-NITTTR
005 20251114233206.0
008 251113s9999||||xx |||||||||||||| ||eng||
040 _beng
040 _cIN-NITTTR
041 _aeng
082 _a005.7565 M227R
100 _aMcMahon, Marilyn
245 0 _aReport writing in dBase II /
_cMcMahon, Marilyn, Hoover, Sarah, Popp, William
700 _a Hoover, Sarah
700 _a Popp, William
942 _2ddc
_cBK
999 _c20166
_d20166